000
00374 a2200181 4500
260
_b
Librarie Plon
245
_a
De L'Algérie au Dahomey en automobile
300
_a
130 p.:ill
650
_a
SOCIOLOGIE
650
_a
BENIN
650
_a
ALGERIE
260
_a
Paris
260
_c
1945
130
_l
fr
100
_a
DE KEREILLIS,H.
999
_c
23734
_d
23734